000 008530000a22002410004500
700 1 _aPerdomo, Laura
_996930
700 1 _aSchnetter, Marie Luise
_996931
090 _aAR
_b03308
100 1 _aElster, Carola
_996932
245 1 0 _aImpact of ecological factors on the regeneration of mangroves in the Ciénaga Grande de Santa Marta, Colombia
650 1 4 _aEcosistemas costeros
_994197
650 1 4 _aManglares
_993259
650 1 4 _aRegeneración de manglares
_996933
650 1 4 _aTemperatura
_911670
650 1 4 _aAnálisis del agua
_993112
651 4 _lCienaga Grande de Santa Marta
_dMagdalena
_pColombia
_992749
653 _gAvicennia
_eAvicennia germinans
653 _gLaguncularia
_eLaguncularia racemosa
653 _gRhizophora
_eRhizophora mangle
041 0 _aInglés
942 _cARTICULO
773 1 _tHydrobiologia
_332
_q35-46
_d1999
_g413
999 _c12359
_d12359